Determinanty rozvoja rodinného podnikania na Slovensku vedecká monografia

Podrobná bibliografia
Hlavní autori: Moresová, Mária, 1992- (Autor), Sedliačiková, Mariana, 1979- (Autor)
Médium: Kniha
Jazyk:slovenčina
Fyzický popis:131 strán grafy, tabuľky 25 cm
Vydavateľské údaje: Vo Zvolene Technická univerzita vo Zvolene 2021
ISBN:9788022832748
Vydanie:1. vydanie
Predmet:

MARC

LEADER 00000cam a2200000 4500
001 vtls012065900
003 SK-MaSNL
005 20260425224420.0
008 210818s2021 xo da f n 000 0 slo
015 |a SNBA2022/07 
020 |a 9788022832748  |q (brožované) 
040 |a SNK  |b slo  |c SNK  |e rda 
041 0 |a slo 
043 |a e-xo--- 
044 |a xo  |c SK 
072 7 |a 334  |x Formy organizácie a spolupráce v ekonomike  |2 konspekt 
080 |a 334.722.24  |2 2011 
080 |a 351.824  |2 2011 
080 |a 658.114  |2 2011 
080 |a 334.012.63/.64  |2 2011 
080 |a (437.6)  |2 2011 
080 |a (048.8)  |2 2011 
100 1 |a Moresová, Mária,  |d 1992-  |4 aut  |9 222251 
245 1 0 |a Determinanty rozvoja rodinného podnikania na Slovensku  |b vedecká monografia  |c Mária Moresová, Mariana Sedliačiková 
250 |a 1. vydanie 
264 1 |a Vo Zvolene  |b Technická univerzita vo Zvolene  |c 2021 
300 |a 131 strán  |b grafy, tabuľky  |c 25 cm 
336 |a text  |b txt  |2 rdacontent 
337 |a bez média  |b n  |2 rdamedia 
338 |a zväzok  |b nc  |2 rdacarrier 
366 |e 100 kusov 
504 |a Obsahuje bibliografiu na strane 108-123 
650 0 7 |a rodinné podniky  |2 SNKPH  |9 2194 
650 0 7 |a podnikanie  |2 SNKPH  |9 1757 
650 0 7 |a podnikateľské prostredie  |2 SNKPH  |9 1771 
650 0 7 |a malé a stredné podniky  |2 SNKPH  |9 83383 
650 0 7 |a Family business enterprises  |2 SNKPHeng  |9 315826 
650 0 7 |a Business  |2 SNKPHeng  |9 268171 
650 0 7 |a Business environment  |2 SNKPHeng  |9 270182 
650 0 7 |a Small and medium-sized enterprises  |2 SNKPHeng  |9 314790 
651 7 |a Slovensko  |2 SNKPHgeo  |9 14231 
651 7 |a Slovakia  |2 SNKPHeng  |9 92630 
655 7 |a monografie  |2 SNKPH  |9 70139 
655 7 |a Monographs  |2 SNKPHeng  |9 120675 
700 1 |a Sedliačiková, Mariana,  |d 1979-  |4 aut  |9 134068 
710 2 |a Technická univerzita vo Zvolene.  |b Drevárska fakulta  |4 pbl  |9 32731 
752 |a Slovensko  |d Zvolen 
919 |a 978-80-228-3274-8 
958 |a NB 
999 |c 613056  |d 614986 
952 |a SNK  |b SNK  |y VYP  |7 0  |p 17A1309739  |o snkSC 196607 D1  |i snk2022/14219  |8 3  |g 8.80  |0 0  |1 0  |4 0  |d 2022-09-19  |l 0  |r 2026-02-23 16:29:19  |w 2026-02-23 
952 |a SNK  |b SNK  |y PREZ  |7 0  |p 17A1472093  |o snkSC 196607  |i snk2022/4151  |8 0  |0 0  |1 0  |4 0  |d 2022-03-17  |f 1  |l 0  |r 2025-10-16 00:00:00  |w 2026-02-23